| 000 | 02159nam0a2200289 4500 | ||
|---|---|---|---|
| 001 | RU\NLR\BIBL_A\022489713 | ||
| 005 | 20260531062321.0 | ||
| 021 |
_aRU _bКН-П-24-088728 _9КН-П-24-8830 |
||
| 035 | _a(NLR Aleph) 022489713 | ||
| 090 |
_a13543427 _c13543427 |
||
| 100 | _a20250313d2024 u y0rusy50 ca | ||
| 101 | 0 | _arus | |
| 102 | _aRU | ||
| 105 | _ay|||j|||000yy | ||
| 181 | 0 |
_ai4 _baxxe |
|
| 182 | 0 | _an | |
| 200 | 1 |
_aТеория информации и кодирования. Линейные коды, обнаруживающие и исправляющие ошибки. _eучебно-методическое пособие для студентов, обучающихся по направлениям подготовки 09.03.02 "Информационные системы и технологии" и 10.05.03 "Информационная безопасность автоматизированных систем" _fТ. И. Гаврилова _gФедеральное агентство морского и речного транспорта, Федеральное государственное образовательное бюджетное учреждение высшего образования "Волжский государственный университет водного транспорта", Кафедра систем информационной безопасности, управления и телекоммуникаций |
|
| 203 |
_aТекст _bвизуальный _cнепосредственный |
||
| 210 |
_aНижний Новгород _cИзд-во ФГБОУ ВО "ВГУВТ" _d2024 |
||
| 215 |
_a16, [1] с. _cил. _d19 |
||
| 606 | 1 |
_aЛинейные коды _jУчебно-методические пособия для высших учебных заведений _92152052 _3RU\NLR\AUTH\661295908 |
|
| 686 | 1 | _aЗ811.4я73-1 | |
| 700 | 1 |
_8rus _7ca _aГаврилова _bТ. И. _cпрограммист _gТатьяна Ивановна _3RU\NLR\AUTH\7734607 _917610 |
|
| 942 | _cBOOK | ||
| 980 | _aNB | ||